000 04464nam a22002417a 4500
005 20241112151430.0
008 241104b ||||| |||| 00| 0 eng d
040 _cAL
041 _akan
082 _223
_a615.535K
_bFRAD
100 _aEdmund J B Frank:
_9185073
100 _aಎಡ್ಮಂಡ್ ಜೆ ಬಿ ಫ್ರಾಂಕ್
_9185074
245 _aDiploma korse gidamulike aushadi mattu roga tadeyuvike:
_bಡಿಪ್ಲೋಮ ಕೋರ್ಸ್ ಗಿಡಮೂಲಿಕೆ ಔಷಧಿ ಮತ್ತು ರೋಗ ತಡೆಯುವಿಕೆ
260 _aMangaluru
_bSanta Aloysius (Pariganita Vishvavidyalaya)
_c2024
300 _avi,94p.
_bPB
_c24x18cm.
365 _2General
_b250.00
_c
_d250.00
520 _aಮನೆಮದ್ದು: 1.Coriander, 2 Mango Ginger, 3.Bay Leaves,4. Garlic, 5. Cinnamon, 6. Curry Leave, Mint Leaves, 8. Turmeric, 9.Ginger, 10. Honey, 11. Herb of Grace,12. Tulasi, 13. Pappaya Leaves, 14. Long Pepper, 15. ಡೆಂಗ್ಯೂ ರೋಗ ನಿಯಂತ್ರಿಸುವ ವಿಧಾನ, 16. ಮದುಮೇಹ ನಿಯಂತ್ರಿಸುವ ವಿಧಾನ, 17. ಹೃದಯಘಾತ ತಡೆಯುವ ವಿಧಾನ,18. ಕ್ಯಾನ್ಸರ್ ಅಪಾಯವನ್ನು ತಡೆಯುವ ವಿಧಾನ, ಔಷಧಿ ಹಣ್ಣು ಹಂಪಲು: 19. ಹಲಸಿನ ಹಣ್ಣು (Jack Fruit), 20.ಅನನಾಸು (Pineapple), 21. ಕಬ್ಬು (Sugarcane), 22. ಪಪ್ಪಾಯ ಹಣ್ಣು (Papaya), 23. ಪಪ್ಪಾಯ ಬೀಜಗಳು (Papaya seeds), 24.ದಾಳಿಂಬೆ (Promegranate), 25. ನಿಂಬೆ ಹಣ್ಣು (Lemon), 26. ಗೋಡಂಬಿ (Cashew Nut), 27. ಅವಕಾಡೊ (Avaocado), 28. ಕಿವಿಹಣ್ಣು (Kiwi), 29. ಬಾಳೆಹಣ್ಣು ಎಲೆ, ಹೂ ಕಾಂಡ ಮತ್ತು ಬೇರು, 30. ಮಾವಿನ ಹಣ್ಣು (Mango) ,31. ಲಕ್ಷ್ಮಣ ಫಲ (Laxman Phal), ಔಷಧಿಯ ತರಕಾರಿ: 32. ಬೆಂಡೆಕಾಯಿ (Ladyfinger), 33. ಕರೇಲಾ/ಹಾಗಲಕಾಯಿ (Bitter Gourd), 34. ತಗಚೆ ಗಿಡ (ತಾಯ್ಕುಳೊ) (Ringworm Plant), 35.ಬಸಳೆ (Spinach),36. ಮೆಂತ್ಯೆ ಸೊಪ್ಪು (Fenugreek Leaves),37. ನುಗ್ಗೆ (Drumstick), 38.ಸೌತೆಕಾಯಿ (Cucumber), ಔಷಧಿ ಗಿಡಮೂಲಿಕೆಗಳು: 39. ಅಡಿಕೆ (Arecanut), 40. ಅಶೋಕ ವೃಕ್ಷ (Ashok), 41. ಅಮೃತಬಳ್ಳಿ (Tinospora), 42. ಮುಂಗಾರು ಬಳ್ಳಿ (Bone Setter Plant), 43.ನಿರ್ಗು೦ಡಿ (Five Leaved Chaste Tree), 44. ನೊರೆಕಾಯಿ (Soap Nut), 45. ಲಾಜವಂತಿಯ (Touch Me Not),46. ಆಡುಸೋಗೆ (Malabar Nut), 47. ಲೋಳೆರಸ (Aloe vera)48. ಬೇವು (Neem)49. ಬೇವಿನ ಎಣ್ಣೆ (Neem Oil), 50.ಮೆಹಂದಿ (Henna), 51. ಚೆಂಡು ಹೂವು (Marigold), 52. ವೀಳ್ಯದೆಲೆ (Betel Leaf), 53. ದಾಸವಾಳ (Hibiscus), 54. ಬಜೆ ಬೇರು (Sweet Flag), 55. ಮಧುನಾಶಿನಿ (Anti Diabetes Plant), 56. ನೆಲನೆಲ್ಲಿ, 57. ಕಾಕೆಸೊಪ್ಪು (Garden Neighgt shade), 58. ಮಾವಿನ ಎಲೆ, ಕಷಾಯ: 59. ಕೊತ್ತಂಬರಿ, ಜೀರಾ ಕಷಾಯ, 60. ಪಿಪ್ಪಲಿ ಕಷಾಯ, 61. ಪುದೀನ ಜ್ಯೂಸ್, 62. ಪುದೀನ, ಜೀರಾ ಕಷಾಯ, 63. ಮೆಂತೆ ಕಷಾಯ, 64. ನೆಲನೆಲ್ಲಿ ಕಷಾಯ, 65. ನುಗ್ಗೆ ಸೊಪ್ಪಿನ ಚಟ್ನ, 66. ಅಶ್ವಗಂಧ ಕಷಾಯ, 67. ತುಳಸಿ, ಶುಂಠಿ ಕಷಾಯ, 68. ಕಾಳುಮೆಣಸಿನ ಕಷಾಯ, 69. ಅಮೃತ ಬಳ್ಳಿ ಕಷಾಯ,70. ನೆಲ್ಲಿಕಾಯಿ, ಆಮ್ಲ ತಂಬಿ, 71. ಶುಂಠಿ ಕಷಾಯ, 72. ಆಮ್ಲಾ ಕಾಯಿ, 73 ತುಳಸಿ, ಪುದೀನ ಮತ್ತು ಶುಂಠಿ ಚಹಾ (ಶೀತಕ್ಕೆ), 74. ಮೆಂತ್ಯೆ ಸೊಪ್ಪು, 75. ಮೆಂತ್ಯೆ ಕಾಳು
650 _aHome Remedies: ಹೋಂ ರೆಮಿಡೀಸ್
_9183980
650 _aMedicinal Fruits: ಔಷದಿ ಹಣ್ಣು ಹಂಪಲು
_9183981
650 _aMedicinal Plants: ಔಷಧಿ ಗಿಡಮೂಲಿಕೆಗಳು
_9183982
700 _aFRANK (Edmund J B): ಫ್ರಾಂಕ್ ( ಎಡ್ಮಂಡ್ ಜೆ ಬಿ)
_9183983
942 _2ddc
_cDB
999 _c231898
_d231898